Contemporary Ethnic Groups of Europe - Statistics

General Stats
  • This quiz has been taken 4,469 times
    3,283 since last reset
  • The average score is 113 of 217
Answer Stats
Population Origin Answer % Correct
5,000 Latvia, Estonia Baltic German
98%
33,000 Ukraine Black Sea German
98%
4,700 Slovakia Carpathian German
98%
230,000 Hungary, Romania, Serbia, Croatia Danube Swabian
98%
68 million France French
98%
77 million Germany, Austria, Switzerland German
98%
36,000 Romania Lipovan
98%
6,600 Russia Pomor
98%
95 million Russia, Belarus, Ukraine Russian
98%
30,000 Romania Transylvanian Saxon
98%
400,000 Russia Volga German
98%
23,000 Switzerland, Italy, Austria, Hungary Walser
98%
18,000 Kosovo, Albania Ashkali
97%
37.6 million United Kingdom English
97%
13,000 Finland, Sweden Finnish Kale
97%
1.5 million Spain, Portugal, France Gitano
97%
60 million Italy Italian
97%
250,000 Poland Kociewiacy
97%
17,000 Armenia, Georgia Lom
97%
400,000 France Manush
97%
15,000 Poland Masurian
97%
200,000 Azerbaijan, Russia, Ukraine Meskhetian Turk
97%
43 million Poland Pole
97%
4 million Romania, Hungary, Serbia, Slovakia Roma
97%
96,000 United Kingdom Romanichal
97%
75,000 Sweden, Norway Romanisæl
97%
850,000 Germany, Italy, Austria Sinti
97%
31 million Spain Spaniard/Castilian
97%
20 million Turkey, Cyprus Turk
97%
5 million Spain Valencian
97%
350,000 Poland Warmiak
97%
3,000 United Kingdom Welsh Kale
97%
18 million Ireland, United Kingdom Irish
96%
28 million Romania, Moldova Romanian
96%
50,000 Greece Cappadocian
95%
11.9 million Greece, Cyprus Greek
95%
80,000 Italy Griko
95%
100,000 Greece, Bulgaria Sarakatsani
95%
90,000 Ukraine, Georgia, Greece, Russia Urum
95%
14.7 million Netherlands Dutch
94%
12 million Serbia, Bosnia, Kosovo, Montenegro Serb
94%
11.4 million Albania, Kosovo Albanian
93%
4,000 Croatia Arbanasi
93%
400,000 Italy Arbëreshë
93%
200,000 Greece Arvanite
93%
1,370 Romania Csángó
93%
200,000 Hungary Jász
93%
12.5 million Hungary, Romania, Slovakia Magyar
93%
500,000 Romania, Serbia, Hungary Székely
93%
45 million Ukraine, Russia Ukrainian
93%
8.4 million Sweden, Finland Swede
92%
1.3 million Spain Aragonese
91%
9 million Bulgaria Bulgarian
91%
10 million Czech Republic Czech
91%
6.5 million United Kingdom Scot
91%
18,000 Serbia, Hungary Bunjevci
90%
600,000 Spain Cantabrian
90%
5.3 million Croatia, Bosnia and Herzegovina Croat
90%
10,000 Kosovo, Croatia Janjevci
90%
5,000 Romania Krashovani
90%
1 million Spain Leonese
90%
2,000 Croatia, Serbia, Hungary, Romania Šokci
90%
5.2 million Denmark Dane
89%
1 million Spain Extremaduran
89%
5.7 million Finland Finn
89%
12 million Portugal Portuguese
89%
4.6 million Slovakia Slovak
88%
10 million Azerbaijan Azeri
87%
3.4 million Georgia Georgian
87%
5 million Armenia, Russia, Azerbaijan Armenian
86%
2.7 million Bosnia and Herzegovina Bosniak
86%
2.8 million Lithuania Lithuanian
86%
4.6 million Norway Norwegian
86%
1.4 million Latvia Latvian
85%
3.6 million United Kingdom Welsh
85%
6.5 million Spain, France, Andorra Catalan
84%
1,000 Italy Resian
84%
2 million Slovenia Slovene
84%
3 million Spain, France Basque
83%
1.1 million Estonia Estonian
82%
2 million North Macedonia Macedonian
81%
5.3 million Italy Sicilian
74%
8 million Austria, Italy Austrian
73%
7 million Belgium Fleming
73%
9 million Belarus Belarusian
72%
15 million Germany Bavarian
71%
480,000 Ukraine, Russia Crimean
68%
2 million Italy Sard
66%
1,200 Russia Tat
66%
3.2 million Spain Galician
65%
300,000 Iceland Icelander
65%
6 million France Breton
63%
450,000 Malta Maltese
63%
137,000 Norway, Sweden, Finland, Russia Sami
63%
35,000 Russia Kryashen
61%
15,000 Belarus, Lithuania, Poland Lipka Tatar
61%
75,000 Switzerland Romansh
61%
5.6 million Russia, Ukraine Tatar
61%
400,000 France Corsican
57%
16 million France Occitan
56%
500,000 Luxembourg Luxembourger
55%
1.4 million UK, France, Germany, Ukraine Ashkenazim
54%
4,700 Spain Aranese
53%
2 million Russia Chechen
53%
8,100 Georgia Kist
53%
400,000 France, Spain Sephardim
53%
400,000 France Béarnese
52%
4,000 Georgia Georgian Jew
52%
50,000 Italy Italkim
52%
50,000 Azerbaijan, Russia Juhurim
52%
2,000 Ukraine, Poland Karaim
52%
490,000 Montenegro Montenegrin
52%
2,000 Greece, Turkey Romaniote
52%
180,000 France Bigourdan
51%
3.6 million Italy, Slovenia Venetian
49%
80,000 United Kingdom Norman
48%
3.5 million Belgium, France Walloon
47%
10 million Spain Andalusian
45%
700,000 Russia, Georgia Ossetian
44%
5.2 million Italy Calabrian
43%
85,000 United Kingdom Cornish
43%
765,000 Netherlands, Germany, Denmark Frisian
43%
3.5 million Italy Lombard
41%
200,000 Georgia Abkhaz
38%
1 million Poland, Czech Republic, Germany Silesian
38%
80,000 Germany Sorb
38%
25,000 Ukraine, Romania Hutsul
36%
73,000 Russia, Finland Karelian
36%
70,000 Slovakia, Poland, Ukraine Lemko
36%
90,000 United Kingdom Manx
36%
400 Ukraine, Poland Boyko
35%
17,000 Serbia, Croatia Pannonian Rusyn
35%
500,000 Russia Kazakh
33%
70,000 Denmark Faroese
31%
1 million Spain Asturian
30%
760,000 Russia Circassian
30%
550,000 Russia Mari
28%
570,000 Poland Kashub
27%
50,000 Ireland, United Kingdom Irish Traveller
26%
196,000 Russia Kalmyk
26%
1.4 million Russia Chuvash
25%
700,000 Italy Piedmontese
25%
1.5 million Russia Bashkir
24%
240,000 Moldova, Ukraine Gagauz
24%
700,000 Russia Ingush
24%
40,000 Italy Ladin
23%
20,000 United Kingdom Scottish Traveller
23%
800,000 Germany Swabian
23%
2.1 million Italy, San Marino Emilian
22%
1 million Italy Friulian
22%
550,000 Russia Komi
22%
525,000 Czech Republic, Slovakia Moravian
22%
560,000 Russia Udmurt
22%
400,000 Greece, Albania Aromanian
21%
910,000 Russia Avar
20%
270 Latvia, Estonia Livonian
19%
2 million France Alsatian
18%
700,000 Germany, Austria, Luxembourg Yenish
18%
70,000 Denmark Greenlandic
16%
1.6 million Spain Canarian
15%
70,000 Russia, Ukraine Cossack
15%
3,500 Georgia Laz
15%
740,000 Russia Mordvin
15%
700,000 France, Belgium Picard
15%
115,000 Russia Balkar
13%
24,000 Croatia Istriot
13%
40,000 Serbia, Bulgaria Vlach
13%
5 million Germany Franconian
12%
1 million Russia, Azerbaijan Lezgin
12%
2.3 million France Lotharingian
12%
220,000 Russia Karachay
11%
7,200 Turkey, Greece, North Macedonia Meglenite
11%
100,000 Russia Nogai
11%
2 million Switzerland Romand
11%
50,000 Russia, Finland Ingrian
10%
500,000 Russia Kumyk
10%
150,000 Latvia Latgalian
10%
700,000 Russia, Armenia, Georgia, Ukraine Pontic
10%
2,000 Greece Sfakian
10%
600,000 Russia Dargin
9%
1 million Turkey, Bulgaria, North Macedonia, Greece Pomak
9%
60,000 Kosovo, North Macedonia, Albania Gorani
8%
200,000 Russia Lak
8%
500,000 Lithuania Samogitian
8%
600,000 Azerbaijan, Russia Talysh
8%
6,000 Russia, Ukraine, Estonia, Belarus Veps
8%
45,000 Russia Abaza
7%
5,800 Cyprus Maronite
7%
400,000 Georgia Mingrelian
7%
1 million Italy Romagnol
7%
30,000 Georgia Svan
7%
70,000 Estonia Võro
7%
76 Croatia Istrorumeni
6%
22,000 Kosovo, North Macedonia Jevg
6%
200,000 Armenia Yazidi
6%
40,000 United Kingdom Gibraltarian
5%
15,000 Norway Kven
5%
150,000 Russia Tabasaran
5%
35,000 Russia Rutul
4%
4,800 Russia Udi
4%
68 Russia Vote
4%
34,000 Russia Aghul
3%
1,000 Ukraine, Russia Izhorian
3%
500 Ukraine, Russia Krymchak
3%
200,000 Germany Russian Mennonite
3%
15,300 Estonia Seto
3%
150,000 Sweden Tornedalian
3%
13,000 Russia Tsakhur
3%
30,000 Czech Republic Chodové
2%
30,000 Poland, Slovakia, Czech Republic, Romania Goral
2%
2,000 Russia Hemshin
2%
363 Russia Pamiri
2%
100,000 North Macedonia Torbeši
2%
2,200 Russia Besermyan
1%
2,000 Italy Camminanti
1%
900,000 Turkey, Lebanon Mhallami
1%
15,000 Romania, Serbia Paulician
1%
No matching quizzes found
Score Distribution
Percent of People with Each Score
Percentile by Number Answered
Your Score History
You have not taken this quiz since the last reset